Stolice stanów USA - Statystyki

Ogólne statystyki
  • Ten quiz został rozwiązany 27 razy
  • Średni wynik to 27 z 50
Statystyki odpowiedzi
Nazwa Stanu Stolica % Poprawnych
Arizona Phoenix
89%
Massachusetts Boston
84%
Hawaje Honolulu
84%
Teksas Austin
74%
Kolorado Denver
74%
Tennessee Nashville
74%
Nowy Jork Albany
68%
Indiana Indianapolis
68%
Alaska Juneau
68%
Kalifornia Sacramento
68%
Utah Salt Lake City
68%
Ohio Columbus
63%
Alabama Montgomery
63%
Oregon Salem
63%
Nowy Meksyk Santa Fe
63%
Idaho Boise
58%
Nevada Carson City
58%
Oklahoma Oklahoma City
58%
Waszyngton Olympia
58%
Georgia Atlanta
53%
Luizjana Baton Rouge
53%
Pensylwania Harrisburg
53%
Montana Helena
53%
Arkansas Little Rock
53%
Wirginia Richmond
53%
Floryda Tallahasse
53%
Kansas Topeka
53%
Maine Augusta
47%
Dakota Północna Bismarck
47%
Karolina Południowa Columbia
47%
Delaware Dover
47%
Kentucky Frankfort
47%
Connecticut Hartford
47%
Michigan Lansing
47%
Dakota Południowa Pierre
47%
Rhode Island Providence
47%
Karolina Północna Raleigh
47%
Minnesota Saint Paul
47%
Illinois Springfield
47%
Maryland Annapolis
42%
Wyoming Cheyenne
42%
Nebraska Lincoln
42%
Wisconsin Madison
42%
New Jersey Trenton
42%
Wirginia Zachodnia Charleston
37%
New Hampshire Concord
37%
Iowa Des Moines
37%
Missisipi Jackson
37%
Missouri Jefferson City
37%
Vermont Montpelier
32%
Nie znaleziono quizów pasujących do podanych kryteriów
Rozkład punktacji
Procent ludzi z każdym wynikiem
Percentyl według liczby udzielonych odpowiedzi
Twoja historia wyników
Nie rozwiązałeś tego quizu